000 01538nam a22002657a 4500
008 170819s2005 sz||||| |||| 00| 0 spa d
020 _a3775716637
082 0 4 _a735.23047
_bL592o
100 1 _aHerzog, Hans-Michael.
_95924
245 1 0 _aLe parc lumière :
_bobras cinéticas de Julio Le Parc /
_ceditado por Hans-Michael Herzog.
246 2 1 _aLe parc lumière :
_bkinetic works by Julio Le Parc.
250 _a1a edición.
260 _aSuiza :
_bDaros-Latinamerica,
_c2005.
300 _a191 páginas :
_bilustraciones en color.
500 _aCatálogo publicado con motivo a la exposición "Le parc lumière: obras cinéticas de Julio Le Parc", presentada del 4 de junio al 9 de octubre de 2005, en Daros Exhibitions en Zúrich.
505 0 _tPrefacio / Foreword.
_tConversación entre Hans-Michael Herzog y Julio Le Parc / Conversation between Hans-Michel Herzog and Julio Le Parc.
_tMoviendo lo cinético: espacio, arquitectura y público en la obra de Julio Le Parc / Sebastián López: moving the kinetic: space, architecture and public in the work of Julio Le Parc.
_rSebastián López.
_tLumière: Obras / Works.
_tManifiestos y panfletos / Manifestos ans pamphlets.
_tIntroducción / Introduction
_rSebastián López.
_tLe Parc Lumière: la construcción / The construction.
653 1 0 _aArte contemporáneo
653 1 0 _aFotografía
653 1 0 _aFotógrafos - Argentina
653 1 0 _aArte cinético
653 1 0 _aCatálogo de exhibición
653 1 0 _aExhibiciones
653 1 0 _aArte óptico
653 1 0 _aInstalación
999 _c1260
_d1260